Größte Orte im Kreis Ostholstein - Statistiken

Allgemein
  • Dieses Quiz wurde 21 mal gespielt
  • Das Durchschnittsergebnis liegt bei 8 aus 15
Antwortstatistiken
Einwohnerzahl Ort % Korrekt
17.296 Eutin
74%
13.218 Fehmarn
74%
15.749 Neustadt in Holstein
74%
9.983 Oldenburg in Holstein
74%
11.704 Scharbeutz
74%
9.373 Heiligenhafen
68%
10.976 Malente
68%
20.169 Bad Schwartau
63%
8.690 Timmendorfer Strand
58%
7.257 Grömitz
42%
15.353 Ratekau
42%
17.022 Stockelsdorf
37%
5.121 Lensahn
32%
5.083 Süsel
32%
8.502 Ahrensbök
26%
Keine übereinstimmenden Quizze gefunden
Verteilung der Resultate
Anzahl Personen mit jedem Resultat
Perzentil nach korrekt beantworteten Fragen
Ihre Resultats-Entwicklung
Sie haben dieses Quiz noch nicht gespielt